000 00492cam a2200145 4500500
005 20251012010459.0
041 _afre
042 _adc
100 1 0 _aJeancourt-Galignani, Oriane
_eauthor
245 0 0 _aViveret, Comte-Sponville, Bruckner. Être ou avoir
260 _c2007.
500 _a34
786 0 _nPhilosophie magazine | 14 | 11 | 2007-11-01 | p. 19-20 | 1951-1787
856 4 1 _uhttps://shs.cairn.info/magazine-philosophie-magazine-2007-11-page-19?lang=fr&redirect-ssocas=7080
999 _c1519380
_d1519380